| 000 | 00535nam a2200181 a 4500 | ||
|---|---|---|---|
| 001 | 3126 | ||
| 003 | CDMR | ||
| 005 | 20130322134733.0 | ||
| 008 | 130130s1971||||||||||||||||||||||||||||d | ||
| 040 |
_aCDMR _bcat _cCDMR |
||
| 100 | 1 |
_aMarquerie, Alfredo _92280 |
|
| 245 | 1 | 0 |
_aPersonas y personajes _b: memorias informales _cAlfredo Marquerie ; prólogo de Sebastian Gasch |
| 260 |
_aBarcelona _c1971 _bDopesa |
||
| 300 |
_a300 p ; _c22 cm |
||
| 490 | 0 |
_aTestimonio de actualidad _v4 |
|
| 700 | 1 |
_aGasch, Sebastian _epr. _9232 |
|
| 942 |
_cMON _2udc |
||
| 999 |
_c3126 _d3126 |
||